| 000 | 01866cad a22002415a 4500 | ||
|---|---|---|---|
| 001 | E143939 | ||
| 008 | 080609s2005 xxk f 000 0 eng d | ||
| 020 | _a0755944402 | ||
| 035 | _a(Sirsi) u143939 | ||
| 041 | 0 | _aeng | |
| 050 | 0 | 4 | _a333.1 $2 18 |
| 110 | 2 |
_aScotland _bScottish Executive _94769 |
|
| 245 | 0 | 0 |
_aManagement and maintenance of common property _bguidance on the Tenements (Scotland) Act 2004 and the Title Conditions (Scotland) Act 2003 for housing professionals _h[electronic resource] |
| 260 |
_aEdinburgh _bScottish Executive _c2005 |
||
| 300 |
_aii. 32p. _c30cm. |
||
| 505 | 2 | _aIntroduction -- Principles behind the Tenements Act -- Ownership of a tenement -- What happens if the title deeds are incomplete or unworkable? -- References to rateable value and feu duty -- Resolution of disputes -- Common interest: obligations in relation to parts of the tenement which provide support and shelter -- What happens when one of the flats is sold in the middle of repairs? -- Contacting absentee owners -- Access for repairs, etc and installation of service pipes -- Insurance -- Property managers and factors -- Owners' associations -- Registration and title deeds -- Demolition and abandonment of renement buildings -- The Tenement Management Scheme | |
| 520 | _aProvides guidance for professionals involved in advising the owners of tenement flats. Emphasises the importance of referring to the title deeds of the property for information on management, and describes what to do if the title deeds are silent on these matters or are defective. | ||
| 521 | _aIntroductory | ||
| 651 | 4 |
_aScotland _y1999- |
|
| 690 | _aPROPERTY-RESIDENTIAL PROPERTY-DOMESTIC RESIDENTIAL PROPERTY-HOUSING-FLATS | ||
| 856 | 4 | 1 |
_uhttps://www.scotland.gov.uk/Publications/2005/11/2194749/47506 _zView the guidance free of charge at www.scotland.gov.uk... |
| 942 | _n0 | ||
| 999 |
_c108321 _d108321 |
||